Statistics for Jason Mraz Charting Songs (Billboard Hot 100)

Click here to take the quiz!

General Stats

  • This quiz has been taken 9 times
  • The average score is 3 of 9

Answer Stats

AlbumWeeks OnPeakArtist(s)Song% Correct
We Sing. We Dance. We Steal Things.76 Weeks#6Jason MrazI'm Yours
100%
Love Is a Four Letter Word44 Weeks#8Jason MrazI Won't Give Up
63%
We Sing. We Dance. We Steal Things.20 Weeks#48Jason Mraz & Colbie CaillatLucky
63%
Mr. A-Z4 Weeks#81Jason MrazWordplay
25%
Know.1 Week#90Jason MrazHave It All
13%
Waiting for My Rocket to Come28 Weeks#15Jason MrazThe Remedy (Don't Worry)
0%
Hunter Hayes9 Weeks#77Hunter Hayes ft. Jason MrazEverybody's Got Somebody But Me
0%
Non-Album Single5 Weeks#82Travie McCoy ft. Jason MrazRough Water
0%
We Sing. We Dance. We Steal Things.1 Week#92Jason MrazIf It Kills Me
0%

Score Distribution

Percentile by Number Answered

Percent of People with Each Score

Your Score History

You have not taken this quiz